000 00661nam a2200265Ia 4500
005 20260302115614.0
008 008 260114s9999 xx 000 0 eng d
020 _a9798881818913
037 _aTextbook
040 _aCRL
040 _beng
040 _cCRL
041 _2eng
041 _aeng
084 _qCRL
100 _aSteven Rybin
_91122122
245 0 _aMichael Mann Crime Auteur
260 _bBloomsbury
260 _bScarecrow Press
260 _c2013
650 _aLiterary Studies
856 _uhttps://doi.org/10.5040/9798881818913?locatt=label:secondary_bloomsburyCollections
942 _cEBOOK
999 _c1686817
_d1686817